Bilecik Bilecik Bilecik Bilecik Bilecik

Diyanet İşleri Başkanı Ahmet Hamdi Akseki : (Record no. 73024)

MARC details
000 -BAŞLIK
Sabit Uzunluktaki Kontrol Alanı 01541nam a22004217a 4500
001 - KONTROL NUMARASI
Control Dosyası 0072270
003 - KONTROL NUMARASI KİMLİĞİ
Kontrol Alanı KOHA_MİRAKIL
005 - EN SON İŞLEM TARİHİ ve ZAMANI
Kontrol Alanı 20260207005047.0
007 - FİZİKSEL TANIM SABİT ALAN - GENEL BİLGİ
Sabit uzunluklu kontrol alanı ta
008 - SABİT UZUNLUKTAKİ VERİ ÖGELERİ - GENEL BİLGİ
Sabit Alan 241113b2019 tu |||gr||||#0|||0|tur |
020 ## - ISBN - ULUSLARARASI STANDART KİTAP NUMARASI
Isbn 9786057519764
Nitelik bilgileri (Tk)
020 ## - ISBN - ULUSLARARASI STANDART KİTAP NUMARASI
Isbn 9786057519917
Nitelik bilgileri (c.1)
020 ## - ISBN - ULUSLARARASI STANDART KİTAP NUMARASI
Isbn 9786057519771
Nitelik bilgileri (c.2)
040 ## - KATALOGLAMA KAYNAĞI
Özgün Kataloglama Kurumu TR-BiSEU
Kataloglama Dili tur
Çeviri Kurumu TR-BiSEU
Açıklama Kuralları rda
041 0# - DİL KODU
Metin ya da ses kaydının dil kodu tur
044 ## - YAYINLAYAN/ÜRETEN KURULUŞUN ÜLKE KODU
ISO country code tu
050 ## - SINIFLAMA ve YER NUMARASI
Sınıflama Numarası BP80
Yer Numarası .K37 2019
100 1# - KİŞİ ADI
Yazar Adı (Kişi adı) Kara, İsmail.
245 1# - ESER ADI BİLDİRİMİ
Başlık Diyanet İşleri Başkanı Ahmet Hamdi Akseki :
Alt Eseradı vb. hayatı mücadelesi ve eserleri/
Sorumluluk Bildirimi İsmail Kara ; İsmail Kara, Rabia Gündoğdu.
264 #1 - ÜRERİM, YAYIN, DAĞITIM ve TELİF BİLDİRİMİ
Yayın yeri Ankara :
Yayınlayan Diyanet İşleri Başkanlığı
Yayın tarihi 2019
300 ## - FİZİKSEL TANIMLAMA
Sayfa, Cilt vb. ciltili; 25 cm.
336 ## - İÇERİK TÜRÜ
Content type term metin
Content type code txt
Source rdacontent
337 ## - MEDYA TÜRÜ
Media type term aracısız
Media type code n
Source rdamedia
338 ## - TAŞIYICI TÜRÜ
Carrier type term cilt
Carrier type code nc
Source rdacarrier
490 1# - DİZİ BİLDİRİMİ
Dizi Bildirimi Diyanet İşleri Başkanlığı yayınları ;
Cilt Numarası 1613.
490 1# - DİZİ BİLDİRİMİ
Dizi Bildirimi İlmi eserler ;
Cilt Numarası 239
500 ## - GENEL NOT
Genel Not Kaynakça ve dizin var.
650 #0 - KONU BAŞLIĞI EK GİRİŞ - KONU TERİMİ
Konusal terim veya coğrafi ad Akseki, Ahmet Hamdi, 1887-1951.
9 (RLIN) 143797
650 #0 - KONU BAŞLIĞI EK GİRİŞ - KONU TERİMİ
Konusal terim veya coğrafi ad Din adamları--Türkiye--Biyografi.
9 (RLIN) 143798
650 #0 - KONU BAŞLIĞI EK GİRİŞ - KONU TERİMİ
Konusal terim veya coğrafi ad Açıklamalı bibliyografya ve albüm.
9 (RLIN) 143799
650 #0 - KONU BAŞLIĞI EK GİRİŞ - KONU TERİMİ
Konusal terim veya coğrafi ad Hayatı, mücadelesi ve eserleri.
9 (RLIN) 143800
650 #0 - KONU BAŞLIĞI EK GİRİŞ - KONU TERİMİ
Konusal terim veya coğrafi ad Akseki, Ahmet Hamdi, 1887-1951.Clergymen--Türkiye--Biography.
9 (RLIN) 143801
650 #0 - KONU BAŞLIĞI EK GİRİŞ - KONU TERİMİ
Konusal terim veya coğrafi ad Annotated bibliography and album.His life, struggle and works.
9 (RLIN) 143802
830 1# - SERİ EK GİRİŞİ - TEKBİÇİM ESER ADI
Tekbiçim Başlık Diyanet İşleri Başkanlığı yayınları ;
Volume number/sequential designation 1613.
9 (RLIN) 6259
830 1# - SERİ EK GİRİŞİ - TEKBİÇİM ESER ADI
Tekbiçim Başlık İlmi eserler ;
Volume number/sequential designation 239
9 (RLIN) 36738
907 ## - LOCAL DATA ELEMENT G, LDG (RLIN)
a Din
942 ## - EK GİRİŞ ÖGELERİ (KOHA)
Source of classification or shelving scheme Library of Congress Classification
Koha item type Book
Holdings
Materyal Türü Kalıcı Konum Mevcut Konum Raf Yeri Sınıflandırma Kaynağı Edinim Bilgisi Ana Konular Alt Konular Yer Numarası Cilt Bilgisi Demirbaş Numarası Fatura Tarihi Geri Çekilme Durumu Kayıp Durumu Hasarlı Durumu Kredi için değil Kayıt Tarih Toplam Ödünçverme Son Görülme Tarihi Son Kontrol Tarihi Genel / Bağış Notu
Book Prof. Dr. Azmi Özcan Kütüphanesi Prof. Dr. Azmi Özcan Kütüphanesi Uluğbey Salonu Library of Congress Classification Bağış FELSEFE, PSİKOLOJİ, DİN İslam, Bahailik, Teozofi vb. BP80 .K37 2019 c.1 0072270 02/02/2026         13/11/2024   17/03/2025 17/03/2025 Genel Bağış